000 00830nam a2200289Ia 4500
001 dia_4549
003 CHAP
005 20251027152457.0
008 220117s1995 xx 000 0 und d
010 _a175211
020 _a968-856-418-4
040 _cCHAP
082 _a300 L69 1995
100 _aLozano Andrade, José Inés
_9156158
245 _aIntroducción a las ciencias sociales /
_c José Inés Lozano Andrade
260 _aMéxico :
_b Plaza y Valdés :,
_b Eduvem,
_c1995
300 _a273 p.
503 _aC/e
504 _aBibliografía: p. [277-283]
590 _aH61 L69 1995
650 _aCiencias sociales
_923213
650 _aSocial science
_9155926
901 _a300 L69 1995
902 _aM
905 _a5232271995 mx i 8222223322spa16
942 _cLIBRO
_2ddc
999 _c175211
_d175211